Tapping experiments on budded trees. Experiments on Pilmoor estate II (Record no. 70221)

MARC details
000 -LEADER
fixed length control field 00429nam a2200145Ia 4500
100 ## - MAIN ENTRY--AUTHOR NAME
Personal name Rhodes E
245 #0 - TITLE STATEMENT
Title Tapping experiments on budded trees. Experiments on Pilmoor estate II
260 ## - PUBLICATION, DISTRIBUTION, ETC. (IMPRINT)
Name of publisher Journal of the Rubber Research Institute of Malaya
Year of publication 1934
300 ## - PHYSICAL DESCRIPTION
Number of Pages 113-138
650 ## - SUBJECT ADDED ENTRY--TOPICAL TERM
Topical Term Pilmoor estate
650 ## - SUBJECT ADDED ENTRY--TOPICAL TERM
Topical Term Tapping experiments
700 ## - ADDED ENTRY--PERSONAL NAME
Personal name Mann C E T
942 ## - ADDED ENTRY ELEMENTS (KOHA)
Koha item type Journals
Holdings
Withdrawn status Lost status Damaged status Not for loan Home library Current library Shelving location Date acquired Serial Enumeration / chronology Koha item type
      Journals RRII Library RRII Library Physiology 17/12/2021 Volume 5, Issue 2 Journals